| 000 | 00611nam a2200205Ia 4500 | ||
|---|---|---|---|
| 003 | GCL | ||
| 008 | 140319s9999 xx 000 0 eng d | ||
| 040 |
_aGCL / _cGCL |
||
| 082 | 0 | 4 |
_a809.93356 _bA P |
| 100 | 1 | _aAL-HASSAN.AHMAD | |
| 245 | 1 | 0 |
_aPROCEDINGS OF THE FIRST INTERNANATIONAL SYMPOSIUM FOR THE HISTORY OF ARAIC SCIENCE ,APR / _cAL-HASSAN.AHMAD |
| 700 | 1 | _aKARMI, GHADA | |
| 700 | 1 | _aNAMNUN, NIZAR | |
| 260 |
_a[S.N] : _bINSTITUTE FOR THE HISTORY OF ARABIC SCIE |
||
| 650 | 0 | 4 | _aCONFERENCE PROCEEDINGS |
| 650 | 0 | 4 | _aHISTORY |
| 650 | 0 | 4 | _aCONFERENCES |
| 650 | 0 | 4 | _aARAB - SCIENCE |
| 942 |
_2ddc _cBK |
||
| 999 |
_c10675 _d10675 |
||